00669nab a2200205uuc4500001000800000005001700008008004100025035001200066040001300078100004400091245004700135260001000182650003000192650003700222650002400259700003900283773011200322942001000434999001900444139542120240202121424.0150114s2013  a1395421 ccomduadb10aCuneo, Georgina Paula4auteaut960084613aLa urgencia : un posible momento inaugural c2013. 7aSalud mental2dcs9188061 aDemanda (Psicoanálisis)913535 aSonambulismo93136610aPombo, Alejandra4auteaut96908980 tPsicoanálisis y el Hospital (Buenos Aires)gVol. 22, No. 44, Nov. 2013, 35-38w1062738x0328-09690451095 cARIMP c710668d710668